000 01131nam a2200241Ia 4500
999 _c56556
_d56556
001 23670
003 GE_BSU
005 20191029162200.0
008 181216s2015||||ge |||||||||||||| ||geo||
020 _a9789941250774
041 _ageo
080 _a31(100)(075.8) გ-29
100 _aგელაშვილი, სიმონ.
_95080
245 _aსაზღვარგარეთის ქვეყნების სტატისტიკა /
_cსიმონ გელაშვილი ; რედ : ქეთევან მარშავა.
264 _aთბილისი :
_bმერიდიანი,
_c2015.
300 _a498 გვ. :
_bცხრ. ;
_c20 სმ.
504 _aბიბლიოგრ. : გვ. 490-496.
520 _aთავფურ. მე-3 გვ. გერმ. ენაზე.
653 _aსაზღვარგარეთის ქვეყნების სტატისტიკა
653 _aსტატისტიკა
700 _aმარშავა, ქეთევან
_eრედაქტორი
_95065
942 _cBK
_2udc